[Event "Junior Online 4NCL Division 3"]
[Site "online"]
[Date "2020.05.21"]
[Round "6.21"]
[White "Ghosh, Kabir A"]
[Black "Whelan, Joseph"]
[Result "0-1"]
[WhiteElo "1622"]
[BlackElo "1547"]
[PlyCount "92"]
[EventDate "2020.05.21"]
[WhiteTeam "Dulwich College Junior A"]
[BlackTeam "4 Gems"]

1. c4 e6 2. d4 d5 3. Nc3 Nf6 4. Bg5 Nbd7 5. e3 Be7 6. Nf3 h6 7. Bh4 O-O 8. Qc2
c6 9. cxd5 cxd5 10. Bd3 a6 11. a4 b6 12. O-O Bb7 13. Rac1 Rc8 14. Qe2 a5 15. h3
Ne4 16. Bxe7 Qxe7 17. Bxe4 dxe4 18. Nd2 Nf6 19. Nb5 Rxc1 20. Rxc1 Ba6 21. Qd1
Bxb5 22. axb5 Qb4 23. Qc2 Qxb5 24. Nxe4 Nxe4 25. Qxe4 Qxb2 26. Rb1 Qa3 27. Qc2
Qd6 28. Qb3 Rb8 29. Qb5 Qd5 30. Qxd5 exd5 31. Rb5 a4 32. Rb1 b5 33. Kf1 Kf8 34.
Ke2 Ke7 35. Kd3 Kd6 36. Kc3 Kc6 37. Kb4 Rb7 38. Rc1+ Kd6 39. Rc5 f6 40. f3 g5
41. e4 dxe4 42. fxe4 h5 43. g4 hxg4 44. hxg4 Rb8 45. Rd5+ Ke6 46. Re5+ fxe5 0-1

[Event "Junior Online 4NCL Division 3"]
[Site "online"]
[Date "2020.05.21"]
[Round "6.22"]
[White "Gogia, Abeer"]
[Black "Nguyen, Ryan"]
[Result "1/2-1/2"]
[WhiteElo "1427"]
[BlackElo "1517"]
[PlyCount "59"]
[EventDate "2020.05.21"]
[WhiteTeam "4 Gems"]
[BlackTeam "Dulwich College Junior A"]

1. e4 c5 2. Nc3 Nc6 3. f4 g6 4. Nf3 Bg7 5. Bb5 Nd4 6. O-O e6 7. e5 Ne7 8. Nxd4
cxd4 9. Ne2 a6 10. Bd3 Nc6 11. b3 d6 12. exd6 Qxd6 13. Bb2 O-O 14. a3 b5 15.
Qe1 Bb7 16. Qg3 Rad8 17. Rae1 Rfe8 18. Qh3 e5 19. fxe5 Nxe5 20. Nxd4 Nxd3 21.
Rxe8+ Rxe8 22. Qxd3 Qd5 23. Rf3 Qg5 24. Rg3 Qf6 25. Re3 Rxe3 26. Qxe3 Qd6 27.
Qe8+ Qf8 28. Qxf8+ Kxf8 29. Kf2 Ke7 30. c3 1/2-1/2

[Event "Junior Online 4NCL Division 3"]
[Site "online"]
[Date "2020.05.21"]
[Round "6.23"]
[White "Avril, Aaran"]
[Black "Rizvi, Aysha"]
[Result "1-0"]
[WhiteElo "1375"]
[BlackElo "1345"]
[PlyCount "155"]
[EventDate "2020.05.21"]
[WhiteTeam "Dulwich College Junior A"]
[BlackTeam "4 Gems"]

1. e4 c5 2. Nf3 d6 3. d4 cxd4 4. Nxd4 Nf6 5. Nc3 g6 6. f3 Bg7 7. Be3 O-O 8. Qd2
Nc6 9. O-O-O Bd7 10. Bh6 Rc8 11. Bxg7 Kxg7 12. h4 Nxd4 13. Qxd4 a6 14. g4 b5
15. g5 b4 16. Ne2 e5 17. Qxb4 Nh5 18. Qxd6 Ba4 19. Qxa6 Bxc2 20. Rxd8 Bd3+ 21.
Rxc8 Rxc8+ 22. Kd2 Bxa6 23. Bh3 Bxe2 24. Bxc8 Kf8 25. Rc1 Bb5 26. Bb7 Ke7 27.
Rc7+ Kf8 28. Rc8+ Ke7 29. Rb8 Kd7 30. Bc8+ Kc6 31. Bd7+ Kxd7 32. Rxb5 Nf4 33.
Rxe5 Kc7 34. b4 Ng2 35. b5 Nxh4 36. Ke2 Kb6 37. Rd5 Ng2 38. Kf2 Nf4 39. Rd1 Ne6
40. Ra1 Nxg5 41. a4 Ne6 42. a5+ Kxb5 43. a6 Nc7 44. a7 Kc5 45. a8=Q Nxa8 46.
Rxa8 Kd6 47. Rh8 h5 48. Kg3 Ke5 49. Rf8 f6 50. Rg8 g5 51. Rh8 h4+ 52. Kg4 Ke6
53. f4 f5+ 54. Kxg5 fxe4 55. Rxh4 e3 56. Rh1 e2 57. Re1 Kd5 58. f5 Kd4 59. f6
Kd3 60. Rxe2 Kxe2 61. f7 Ke3 62. f8=Q Ke4 63. Qe8+ Kf3 64. Qe5 Kf2 65. Qe4 Kg3
66. Qf4+ Kg2 67. Kg4 Kg1 68. Qf3 Kh2 69. Qg3+ Kh1 70. Qe3 Kg2 71. Kh4 Kh2 72.
Qf3 Kg1 73. Kg4 Kh2 74. Kf5 Kg1 75. Qe2 Kh1 76. Kg4 Kg1 77. Kg3 Kh1 78. Qh2#
1-0

[Event "Junior Online 4NCL Division 3"]
[Site "online"]
[Date "2020.05.21"]
[Round "6.24"]
[White "Rizvi, Zara"]
[Black "He, Andy"]
[Result "1-0"]
[WhiteElo "1360"]
[BlackElo "1382"]
[PlyCount "109"]
[EventDate "2020.05.21"]
[WhiteTeam "4 Gems"]
[BlackTeam "Dulwich College Junior A"]

1. d4 d5 2. c4 e6 3. Nc3 Nf6 4. Bg5 Nbd7 5. Nf3 Be7 6. e3 O-O 7. Bd3 b6 8. O-O
Bb7 9. Bxf6 Bxf6 10. Qc2 g6 11. Rfd1 Rc8 12. Rac1 c5 13. dxc5 Nxc5 14. Qe2 Nxd3
15. Rxd3 Rxc4 16. b3 Rc8 17. h3 Ba6 18. Qd2 Bxd3 19. Qxd3 Bg7 20. Ne2 Rxc1+ 21.
Nxc1 Qc7 22. Ne2 Rc8 23. a4 a5 24. Qb5 f5 25. Ng5 Bf6 26. Nxe6 Qd6 27. N6f4 g5
28. Nd3 Kg7 29. Ng3 d4 30. Nxf5+ Kf7 31. Nxd6+ Ke6 32. Nxc8 Kf7 33. Qd7+ Kg6
34. Qg4 h5 35. Qe6 g4 36. hxg4 hxg4 37. Qxg4+ Kf7 38. Nd6+ Ke7 39. Ne4 dxe3 40.
fxe3 Be5 41. Nxe5 Ke8 42. Qg8+ Ke7 43. Qb8 Ke6 44. Qxb6+ Kxe5 45. Nf2 Kd5 46.
Qxa5+ Ke6 47. b4 Kd6 48. b5 Kd7 49. b6 Kc8 50. Qa6+ Kb8 51. Qa7+ Kc8 52. b7+
Kd7 53. b8=R+ Ke6 54. Rb6+ Ke5 55. Qa5# 1-0

[Event "Junior Online 4NCL Division 3"]
[Site "online"]
[Date "2020.05.21"]
[Round "6.25"]
[White "Whelan, Joseph"]
[Black "Ghosh, Kabir A"]
[Result "1-0"]
[WhiteElo "1547"]
[BlackElo "1622"]
[PlyCount "59"]
[EventDate "2020.05.21"]
[WhiteTeam "4 Gems"]
[BlackTeam "Dulwich College Junior A"]

1. e4 c5 2. Nf3 d6 3. d4 cxd4 4. Nxd4 Nf6 5. Nc3 a6 6. Bc4 e6 7. Bg5 Be7 8.
Bxf6 Bxf6 9. O-O Nc6 10. Nxc6 bxc6 11. Bb3 Qc7 12. Qd3 O-O 13. Rad1 Rd8 14. h3
Bb7 15. Ne2 Bxb2 16. c3 Ba3 17. Bc2 Bc5 18. Nf4 e5 19. Nh5 Qe7 20. Ng3 d5 21.
Nf5 Qf6 22. exd5 cxd5 23. Ne7+ Kf8 24. Nf5 e4 25. Qg3 Qxf5 26. Qc7 Qc8 27. Qa5
Qc6 28. Rb1 Bc8 29. Qxd8+ Qe8 30. Qxd5 1-0

[Event "Junior Online 4NCL Division 3"]
[Site "online"]
[Date "2020.05.21"]
[Round "6.26"]
[White "Nguyen, Ryan"]
[Black "Gogia, Abeer"]
[Result "0-1"]
[WhiteElo "1517"]
[BlackElo "1427"]
[PlyCount "96"]
[EventDate "2020.05.21"]
[WhiteTeam "Dulwich College Junior A"]
[BlackTeam "4 Gems"]

1. e4 c5 2. c3 d5 3. exd5 Qxd5 4. d4 cxd4 5. cxd4 Nc6 6. Nf3 e6 7. Nc3 Qd8 8.
Be3 Nf6 9. a3 Be7 10. Bd3 Bd7 11. O-O O-O 12. Bc2 h6 13. Rc1 Rc8 14. Qd3 Re8
15. Ne5 Bf8 16. Ng4 g6 17. Nxf6+ Qxf6 18. Qd2 h5 19. d5 Ne7 20. Bg5 Qg7 21.
dxe6 Bxe6 22. Ne4 Red8 23. Qe2 Bc4 24. Qf3 Bxf1 25. Nf6+ Kh8 26. Nxh5 Qh7 27.
Bf6+ Kg8 28. Bxe7 Bxe7 29. Nf6+ Bxf6 30. Qxf6 Bd3 31. Qf3 Bxc2 32. Re1 Qh5 33.
Qxb7 Qd1 34. Qe7 Qxe1+ 35. Qxe1 Rd1 36. Qxd1 Bxd1 37. Kf1 Rc2 38. Ke1 Bg4 39.
f3 Be6 40. Kf1 Rxb2 41. Kg1 Ra2 42. g3 Rxa3 43. f4 a5 44. Kf2 a4 45. Ke2 Ra2+
46. Kd3 Rxh2 47. Kc3 a3 48. Kb4 a2 0-1

[Event "Junior Online 4NCL Division 3"]
[Site "online"]
[Date "2020.05.21"]
[Round "6.27"]
[White "Rizvi, Aysha"]
[Black "Avril, Aaran"]
[Result "0-1"]
[WhiteElo "1345"]
[BlackElo "1375"]
[PlyCount "95"]
[EventDate "2020.05.21"]
[WhiteTeam "4 Gems"]
[BlackTeam "Dulwich College Junior A"]

1. c4 e5 2. g3 Nf6 3. Bg2 Nc6 4. d3 Bb4+ 5. Nc3 d5 6. cxd5 Nxd5 7. Bxd5 Qxd5 8.
Nf3 Qc5 9. Bd2 Nd4 10. Nxd4 exd4 11. Ne4 Bxd2+ 12. Qxd2 Qe5 13. O-O O-O 14.
Rac1 Be6 15. a4 Bh3 16. Rfd1 Qd5 17. Qf4 f5 18. Qh4 Bg4 19. Ng5 h6 20. Nh3 Kh7
21. Nf4 Qd7 22. h3 g5 23. Qxh6+ Kxh6 24. hxg4 gxf4 25. gxf4 fxg4 26. Kg2 Rxf4
27. Kg3 Qd6 28. Rh1+ Kg5 29. Kg2 Raf8 30. Rcf1 g3 31. f3 Qb4 32. Kxg3 Qxa4 33.
Rc1 c6 34. Rc4 Qb3 35. Ra1 Qxb2 36. Rxa7 Qb6 37. Ra1 Qc7 38. Kf2 Re8 39. Rc2
Rf5 40. Rg1+ Kf6 41. Rg4 Rfe5 42. Rxd4 Qb6 43. e3 Rxe3 44. Kg3 Qxd4 45. Rh2
Qxd3 46. Rh3 Rxf3+ 47. Kg4 Rxh3 48. Kf4 0-1

[Event "Junior Online 4NCL Division 3"]
[Site "online"]
[Date "2020.05.21"]
[Round "6.28"]
[White "He, Andy"]
[Black "Rizvi, Zara"]
[Result "1-0"]
[WhiteElo "1382"]
[BlackElo "1360"]
[PlyCount "117"]
[EventDate "2020.05.21"]
[WhiteTeam "Dulwich College Junior A"]
[BlackTeam "4 Gems"]

1. e4 c5 2. Nc3 Nc6 3. g3 g6 4. Bg2 Bg7 5. f4 e6 6. Nf3 Nge7 7. d3 O-O 8. O-O
b6 9. f5 Bb7 10. Be3 Rc8 11. Nh4 exf5 12. exf5 Nxf5 13. Nxf5 gxf5 14. Rxf5 Re8
15. Qf3 Ne7 16. Qxb7 Nxf5 17. Bd2 Qc7 18. Qf3 Ne7 19. Qg4 Ng6 20. Nd5 Qd6 21.
Nf4 Nxf4 22. Bxf4 Qd4+ 23. Kh1 Re7 24. c3 Qf6 25. Bg5 Qg6 26. Qh4 f6 27. Bd2
Qf7 28. Be4 Bh8 29. c4 Rxe4 30. Qxe4 Re8 31. Qf4 Re6 32. Qb8+ Re8 33. Qxa7 d6
34. Qxb6 Re2 35. Qd8+ Kg7 36. Bc3 Qe6 37. Qc7+ Kg6 38. Qc6 Qe3 39. Qe4+ Qxe4+
40. dxe4 Rxe4 41. a4 Rxc4 42. a5 Re4 43. a6 Re8 44. a7 Ra8 45. Kg2 Bg7 46. Kf3
Bf8 47. Ke4 Be7 48. Kd5 Bd8 49. Kc6 d5 50. Kb7 Rxa7+ 51. Kxa7 d4 52. Be1 d3 53.
Rd1 c4 54. Rd2 f5 55. Ka6 Bg5 56. Rd1 Kf6 57. Kb5 Ke5 58. Kxc4 Ke4 59. Rxd3 1-0

[Event "Junior Online 4NCL Division 3"]
[Site "online"]
[Date "2020.05.21"]
[Round "6.31"]
[White "Postans, Harrison"]
[Black "Parnes, Shira"]
[Result "0-1"]
[WhiteElo "1620"]
[BlackElo "1525"]
[PlyCount "146"]
[EventDate "2020.05.21"]
[WhiteTeam "EPR Paradox"]
[BlackTeam "Ojays D"]

1. e4 e5 2. Nf3 Nc6 3. Bc4 Bc5 4. c3 d6 5. d4 exd4 6. cxd4 Bb4+ 7. Nc3 h6 8.
O-O Nf6 9. Bb5 Bd7 10. Bxc6 Bxc6 11. d5 Bd7 12. Bf4 O-O 13. Re1 Bxc3 14. bxc3
Re8 15. Qd3 Bg4 16. e5 Bxf3 17. Qxf3 dxe5 18. Bxe5 Qxd5 19. Bxc7 Qd2 20. Red1
Qb2 21. h3 Rac8 22. Ba5 b6 23. Bb4 a5 24. Rdb1 Qe2 25. Bd6 Qxf3 26. gxf3 Rxc3
27. Rxb6 Rxf3 28. Kg2 Rd3 29. Rab1 Rd2 30. a3 Ne4 31. Bg3 Nxg3 32. Kxg3 Rd3+
33. Kg2 Rxa3 34. Ra6 f6 35. Rb5 Re5 36. Rb8+ Kf7 37. Rb7+ Kg6 38. Raa7 Rg5+ 39.
Kh2 Kh7 40. h4 Rg6 41. Rb5 Ra2 42. Rbxa5 Rxf2+ 43. Kh3 Rf3+ 44. Kh2 Rfg3 45.
Ra2 R3g4 46. Kh3 Re4 47. R7a4 Rxa4 48. Rxa4 Rg1 49. Kh2 Rc1 50. h5 Rc5 51. Rh4
Rg5 52. Kh3 g6 53. hxg6+ Kxg6 54. Kh2 Rh5 55. Rxh5 Kxh5 56. Kh3 Kg5 57. Kg3 h5
58. Kf3 f5 59. Kg3 f4+ 60. Kf3 h4 61. Kg2 Kg4 62. Kf2 h3 63. Kg1 Kg3 64. Kh1 f3
65. Kg1 f2+ 66. Kf1 h2 67. Ke2 h1=Q 68. Kd3 Qe1 69. Kd4 f1=Q 70. Kd5 Qd3+ 71.
Kc6 Qc1+ 72. Kb6 Qb3+ 73. Ka7 Qa1# 0-1

[Event "Junior Online 4NCL Division 3"]
[Site "online"]
[Date "2020.05.21"]
[Round "6.32"]
[White "Domingo, Marco"]
[Black "Stevenson, Neil"]
[Result "0-1"]
[WhiteElo "1547"]
[BlackElo "1483"]
[PlyCount "112"]
[EventDate "2020.05.21"]
[WhiteTeam "Ojays D"]
[BlackTeam "EPR Paradox"]

1. e4 e5 2. f4 d6 3. Nf3 f5 4. fxe5 fxe4 5. Ng5 Qxg5 6. Nc3 Qxe5 7. Bc4 Nf6 8.
Bb3 Bg4 9. Ne2 Nc6 10. O-O O-O-O 11. Qe1 d5 12. Ng3 Bc5+ 13. Kh1 Bd6 14. Qe3
Nh5 15. d3 Nxg3+ 16. Qxg3 Qxg3 17. hxg3 Bxg3 18. dxe4 dxe4 19. Bg5 Rd7 20. Bf4
Bh4 21. g3 Bf3+ 22. Kg1 Bf6 23. Be6 Bd4+ 24. Kh2 Bxb2 25. Rab1 Bd4 26. Bxd7+
Kxd7 27. Rfe1 Kc8 28. Be3 Bxe3 29. Rxe3 Nd4 30. Rb2 Rd8 31. c3 Nf5 32. Re1 Rd3
33. Kg1 Nxg3 34. Kf2 Nf5 35. Reb1 b6 36. c4 Bg4 37. c5 e3+ 38. Ke1 Nd4 39. cxb6
axb6 40. Rg2 Nf3+ 41. Kf1 Bh3 42. Rc1 Nh4 43. Ke2 Rd2+ 44. Kxe3 Rxg2 45. Rc6
Nf5+ 46. Kf3 Rxa2 47. Rc1 Nd4+ 48. Ke4 Ne2 49. Rc3 Nxc3+ 50. Kd3 b5 51. Kxc3 c5
52. Kb3 Rh2 53. Kc3 b4+ 54. Kb3 Be6+ 55. Ka4 b3 56. Ka3 Ra2# 0-1

[Event "Junior Online 4NCL Division 3"]
[Site "online"]
[Date "2020.05.21"]
[Round "6.33"]
[White "Jessop, Osian"]
[Black "Amoako, Selikem PJ"]
[Result "0-1"]
[WhiteElo "1169"]
[BlackElo "1480"]
[PlyCount "30"]
[EventDate "2020.05.21"]
[WhiteTeam "EPR Paradox"]
[BlackTeam "Ojays D"]

1. e4 Nf6 2. Nc3 e5 3. Nf3 Nc6 4. Bc4 Nxe4 5. Nxe4 d5 6. Bxd5 Qxd5 7. Nc3 Qd8
8. d3 Bc5 9. Bd2 Bg4 10. O-O Nd4 11. h3 Nxf3+ 12. gxf3 Bxh3 13. Re1 Qf6 14. Ne4
Qg6+ 15. Ng3 Qxg3+ 0-1

[Event "Junior Online 4NCL Division 3"]
[Site "online"]
[Date "2020.05.21"]
[Round "6.34"]
[White "Byrom, Harris"]
[Black "Haddow, Dylan"]
[Result "1-0"]
[WhiteElo "1457"]
[BlackElo "803"]
[PlyCount "127"]
[EventDate "2020.05.21"]
[WhiteTeam "Ojays D"]
[BlackTeam "EPR Paradox"]

1. d4 d5 2. c4 Nf6 3. Nc3 dxc4 4. e3 Bf5 5. Bxc4 Nc6 6. Qf3 e6 7. Bb5 Qd7 8.
Nge2 a6 9. Bc4 e5 10. dxe5 Nxe5 11. Qxb7 Nd3+ 12. Bxd3 Qc8 13. Qxc8+ Bxc8 14.
O-O Bd6 15. e4 Ng4 16. Bf4 Bxf4 17. Nxf4 Rb8 18. b3 O-O 19. Rfe1 Re8 20. h3 Ne5
21. Bc2 Bd7 22. Nd3 Nxd3 23. Bxd3 Re5 24. Bxa6 Rg5 25. g4 h5 26. Red1 Be6 27.
Bc4 hxg4 28. Bxe6 fxe6 29. hxg4 Rxg4+ 30. Kf1 Rf8 31. Ke2 Rff4 32. Rd8+ Kf7 33.
Rd7+ Ke8 34. Rxc7 Rg2 35. Rf1 g5 36. Rh7 g4 37. Rhh1 g3 38. Kd1 gxf2 39. a4
Rfg4 40. Ne2 Rxe4 41. a5 Rg5 42. Rxf2 Rxa5 43. Rh7 Rf5 44. Rxf5 exf5 45. Ng3
Rf4 46. Rh5 Rd4+ 47. Kc2 f4 48. Ne2 Re4 49. Nc3 Rb4 50. Rh4 Kf7 51. Nd5 Rb5 52.
Rxf4+ Ke6 53. Nc7+ Kd6 54. Nxb5+ Kc6 55. Nd4+ Kd5 56. Kc3 Ke5 57. Rh4 Kd5 58.
b4 Kd6 59. b5 Kc7 60. Rh6 Kb7 61. b6 Kb8 62. Rh7 Kc8 63. b7+ Kb8 64. Nc6# 1-0

[Event "Junior Online 4NCL Division 3"]
[Site "online"]
[Date "2020.05.21"]
[Round "6.35"]
[White "Parnes, Shira"]
[Black "Postans, Harrison"]
[Result "1-0"]
[WhiteElo "1525"]
[BlackElo "1620"]
[PlyCount "105"]
[EventDate "2020.05.21"]
[WhiteTeam "Ojays D"]
[BlackTeam "EPR Paradox"]

1. e4 e5 2. Nf3 Nc6 3. Bc4 Nf6 4. Ng5 d5 5. exd5 Na5 6. Bb5+ c6 7. dxc6 bxc6 8.
Be2 h6 9. Nf3 e4 10. Ne5 Qd5 11. Ng4 Nxg4 12. Bxg4 h5 13. Bxc8 Rxc8 14. O-O Bd6
15. Re1 Qe5 16. g3 h4 17. Nc3 f5 18. d3 hxg3 19. hxg3 Bc5 20. Nxe4 Kf7 21. Ng5+
Kf6 22. Rxe5 Kxe5 23. Bf4+ Kf6 24. Qd2 Nb7 25. Re1 Rce8 26. Qc3+ Kg6 27. Ne6
Re7 28. Bd2 Bd6 29. Qxc6 Kf7 30. Ng5+ Kf8 31. Rxe7 Bxe7 32. Qxb7 Bxg5 33. Bxg5
Rh5 34. Qc8+ Kf7 35. Qd7+ Kf8 36. Qe7+ Kg8 37. Qe8+ Kh7 38. Qxh5+ Kg8 39. Bf4
a5 40. Be5 Kf8 41. Qxf5+ Ke7 42. Bxg7 a4 43. Qf6+ Kd7 44. Bf8 a3 45. bxa3 Kc7
46. g4 Kd7 47. g5 Kc7 48. g6 Kd7 49. g7 Kc7 50. g8=Q Kd7 51. Qgg7+ Kc8 52. Qfe7
Kb8 53. Qb7# 1-0

[Event "Junior Online 4NCL Division 3"]
[Site "online"]
[Date "2020.05.21"]
[Round "6.36"]
[White "Stevenson, Neil"]
[Black "Domingo, Marco"]
[Result "1-0"]
[WhiteElo "1483"]
[BlackElo "1547"]
[PlyCount "51"]
[EventDate "2020.05.21"]
[WhiteTeam "EPR Paradox"]
[BlackTeam "Ojays D"]

1. e4 e6 2. Nf3 d5 3. e5 c5 4. d4 Nc6 5. c3 Qb6 6. Bd3 Bd7 7. O-O cxd4 8. cxd4
Nxd4 9. Ng5 f6 10. Qh5+ g6 11. Bxg6+ Ke7 12. Nf7 Nc2 13. Bxc2 Be8 14. exf6+
Nxf6 15. Bg5 Bxf7 16. Bxf6+ Kxf6 17. Qh4+ Kg7 18. Qg5+ Bg6 19. Qe5+ Kf7 20.
Bxg6+ Kg8 21. Qg5 hxg6 22. Qxg6+ Bg7 23. Nd2 Qxb2 24. Qxe6+ Kh7 25. Nf3 Rae8
26. Ng5# 1-0

[Event "Junior Online 4NCL Division 3"]
[Site "online"]
[Date "2020.05.21"]
[Round "6.37"]
[White "Amoako, Selikem PJ"]
[Black "Jessop, Osian"]
[Result "1-0"]
[WhiteElo "1480"]
[BlackElo "1169"]
[PlyCount "119"]
[EventDate "2020.05.21"]
[WhiteTeam "Ojays D"]
[BlackTeam "EPR Paradox"]

1. e4 e5 2. Nf3 Nc6 3. Bc4 Bc5 4. b4 Bd6 5. Bb2 Nf6 6. d3 Qe7 7. a3 b6 8. O-O
Bb7 9. Nbd2 O-O-O 10. Ng5 Rdf8 11. c3 h6 12. Ngf3 g5 13. a4 Rfg8 14. a5 bxa5
15. b5 Nb8 16. Rxa5 g4 17. Nh4 Nxe4 18. Nxe4 Qxh4 19. Nxd6+ cxd6 20. Bxf7 Rg7
21. Bb3 g3 22. fxg3 Qg5 23. Bc1 Qe7 24. Rxa7 d5 25. Ba3 Qd8 26. Bc5 d6 27. Be3
d4 28. cxd4 Qb6 29. Ra2 Qxb5 30. Rc2+ Nc6 31. Bc4 Qb6 32. Qb1 Nb4 33. Ba6+ Kb8
34. Bxb7 Nxc2 35. Qxb6 Rxb7 36. Qxd6+ Kc8 37. Qxe5 Rhh7 38. Qf5+ Kd8 39. Qf8+
Kc7 40. Rf7+ Rxf7 41. Qxf7+ Kc8 42. Qc4+ Rc7 43. Qe6+ Kb8 44. Bf4 Kb7 45. Bxc7
Kxc7 46. Qc4+ Kd6 47. Qxc2 Ke6 48. Qc5 Kd7 49. Qb6 Ke7 50. Qc6 Kf7 51. Qd6 Kg7
52. Qe6 Kh7 53. Qf6 Kg8 54. Qe7 Kh8 55. Kf2 Kg8 56. Kf3 h5 57. Kf4 Kh8 58. Kg5
h4 59. Kg6 Kg8 60. Qe8# 1-0

[Event "Junior Online 4NCL Division 3"]
[Site "online"]
[Date "2020.05.21"]
[Round "6.38"]
[White "Haddow, Dylan"]
[Black "Byrom, Harris"]
[Result "0-1"]
[WhiteElo "803"]
[BlackElo "1457"]
[PlyCount "68"]
[EventDate "2020.05.21"]
[WhiteTeam "EPR Paradox"]
[BlackTeam "Ojays D"]

1. e4 e5 2. Nf3 Nf6 3. Nxe5 Qe7 4. Nf3 Nxe4 5. Be2 d5 6. d3 Nf6 7. O-O Nc6 8.
Re1 Qd8 9. Bg5 Be7 10. Bf1 O-O 11. Qd2 Re8 12. Bh6 gxh6 13. Qxh6 Bf8 14. Rxe8
Qxe8 15. Qg5+ Bg7 16. Nc3 Bg4 17. Re1 Qd7 18. Ne5 Nxe5 19. Rxe5 Re8 20. Rxe8+
Nxe8 21. Be2 Bxe2 22. Nxe2 Qa4 23. Nf4 Qxc2 24. h3 Qc1+ 25. Kh2 Kf8 26. Nxd5
Qxg5 27. f4 Qxd5 28. Kg3 Qxd3+ 29. Kh4 Nf6 30. Kg5 h6+ 31. Kh4 h5 32. f5 Bh6
33. g4 Bd2 34. g5 Be1# 0-1

[Event "Junior Online 4NCL Division 3"]
[Site "online"]
[Date "2020.05.21"]
[Round "6.41"]
[White "Sankar, Dheekshitha"]
[Black "Shaporenkov, Robert"]
[Result "0-1"]
[WhiteElo "1510"]
[BlackElo "1427"]
[PlyCount "82"]
[EventDate "2020.05.21"]
[WhiteTeam "Harrow Juniors B"]
[BlackTeam "St Albans Early Knights 2"]

1. e4 d6 2. d4 Nf6 3. Nc3 g6 4. Bc4 Nbd7 5. Nf3 Bg7 6. Bf4 b6 7. b4 Bb7 8. d5
c6 9. h3 O-O 10. O-O Re8 11. Re1 b5 12. Bb3 Qc8 13. Qd3 c5 14. Nxb5 Ba6 15. Bc4
Rb8 16. Nxd6 Bxc4 17. Nxc8 Bxd3 18. Bxb8 Rxc8 19. cxd3 Rxb8 20. bxc5 Nxc5 21.
e5 Nxd5 22. Rad1 Nd7 23. d4 Rb2 24. Ra1 f6 25. exf6 Bxf6 26. a4 Nc3 27. a5 Rd2
28. Re6 Rc2 29. Ra6 Nb5 30. d5 Bxa1 31. Ne1 Rc3 32. Re6 Rc1 33. f3 Bd4+ 34. Kh2
Ne5 35. Rxe7 Rxe1 36. Re8+ Kg7 37. Re7+ Kh6 38. f4 Bg1+ 39. Kg3 Re3+ 40. Kh4
Bf2+ 41. g3 Bxg3# 0-1

[Event "Junior Online 4NCL Division 3"]
[Site "online"]
[Date "2020.05.21"]
[Round "6.42"]
[White "Cowan, James"]
[Black "Gurjar, Siena"]
[Result "1-0"]
[WhiteElo "1390"]
[BlackElo "1397"]
[PlyCount "63"]
[EventDate "2020.05.21"]
[WhiteTeam "St Albans Early Knights 2"]
[BlackTeam "Harrow Juniors B"]

1. d4 d5 2. c4 c6 3. e3 Nf6 4. Nc3 Bf5 5. Nf3 e6 6. Bd2 Nbd7 7. Be2 Bb4 8. c5
O-O 9. a3 Bxc3 10. Bxc3 Ne4 11. Qc1 b6 12. cxb6 Qxb6 13. Bd3 Nxf2 14. Bxf5 Nxh1
15. Bd3 Qc7 16. Ke2 Ng3+ 17. hxg3 Qxg3 18. Qh1 h6 19. Be1 Qb8 20. Bb4 Re8 21.
Qh5 Nf6 22. Qh1 a5 23. Bd2 Qxb2 24. Ne5 Rec8 25. Rb1 Qxa3 26. Rb7 Qf8 27. Qf1
Rab8 28. Rxf7 Qa3 29. Bg6 Rb2 30. Qxf6 gxf6 31. Bh7+ Kh8 32. Ng6# 1-0

[Event "Junior Online 4NCL Division 3"]
[Site "online"]
[Date "2020.05.21"]
[Round "6.43"]
[White "Parikh, Naavya"]
[Black "Ravithas, Ashwin"]
[Result "1-0"]
[WhiteElo "1375"]
[BlackElo "1382"]
[PlyCount "145"]
[EventDate "2020.05.21"]
[WhiteTeam "Harrow Juniors B"]
[BlackTeam "St Albans Early Knights 2"]

1. e4 e5 2. Nf3 Nc6 3. Bc4 Bc5 4. d3 h6 5. Nc3 Nf6 6. O-O d6 7. h3 O-O 8. Be3
Bb6 9. Bd5 Be6 10. Bxc6 bxc6 11. d4 exd4 12. Bxd4 Bxd4 13. Nxd4 c5 14. Nc6 Qd7
15. Na5 d5 16. exd5 Nxd5 17. Nxd5 Qxd5 18. Qxd5 Bxd5 19. Nb3 Bxb3 20. axb3 Rfd8
21. Rfd1 Kf8 22. Rxd8+ Rxd8 23. Rxa7 Rd2 24. Rxc7 Rxc2 25. b4 Rxb2 26. bxc5 Rc2
27. Kf1 Ke8 28. Ke1 g5 29. Rc6 h5 30. Rh6 h4 31. Rc6 Kd7 32. Rf6 Ke7 33. Rf5
Ke6 34. Rxg5 f5 35. Rh5 Rxc5 36. Rxh4 Rc1+ 37. Kd2 Rg1 38. g3 Rg2 39. Ke3 Rg1
40. Rh6+ Ke5 41. Rh5 Re1+ 42. Kf3 Re4 43. g4 Rf4+ 44. Kg3 Ke4 45. Rxf5 Rxf5 46.
gxf5 Kxf5 47. f4 Kg6 48. Kg4 Kf6 49. h4 Kg6 50. h5+ Kf6 51. f5 Kg7 52. Kg5 Kh7
53. h6 Kg8 54. Kg6 Kh8 55. Kf7 Kh7 56. Ke7 Kxh6 57. f6 Kg5 58. f7 Kf4 59. f8=Q+
Ke5 60. Qd8 Kf5 61. Qd6 Kg5 62. Ke6 Kg4 63. Qe5 Kf3 64. Qd4 Kg3 65. Qe4 Kf2 66.
Qd3 Kg2 67. Qe3 Kf1 68. Qd2 Kg1 69. Qe2 Kh1 70. Kf5 Kg1 71. Kg4 Kh1 72. Kg3 Kg1
73. Qg2# 1-0

[Event "Junior Online 4NCL Division 3"]
[Site "online"]
[Date "2020.05.21"]
[Round "6.44"]
[White "Jain, Ekansh Rajesh"]
[Black "Benhamou, Nathan"]
[Result "0-1"]
[WhiteElo "1337"]
[BlackElo "1382"]
[PlyCount "48"]
[EventDate "2020.05.21"]
[WhiteTeam "St Albans Early Knights 2"]
[BlackTeam "Harrow Juniors B"]

1. e4 e5 2. Nf3 Nc6 3. Nc3 Nf6 4. Bc4 Nxe4 5. Nxe4 d5 6. Bxd5 Qxd5 7. d3 Bg4 8.
O-O Bb4 9. a3 Bc5 10. h3 Bh5 11. Nc3 Qd7 12. Ne4 Be7 13. Be3 O-O 14. Bc5 Bxc5
15. Nxc5 Qc8 16. Qe1 Re8 17. Ne4 Bxf3 18. gxf3 Qxh3 19. Ng5 Qh5 20. Ne4 Qxf3
21. b4 Re6 22. Ng5 Qg4+ 23. Kh1 Qxg5 24. Rg1 Rh6# 0-1

[Event "Junior Online 4NCL Division 3"]
[Site "online"]
[Date "2020.05.21"]
[Round "6.45"]
[White "Shaporenkov, Robert"]
[Black "Sankar, Dheekshitha"]
[Result "1-0"]
[WhiteElo "1427"]
[BlackElo "1510"]
[PlyCount "63"]
[EventDate "2020.05.21"]
[WhiteTeam "St Albans Early Knights 2"]
[BlackTeam "Harrow Juniors B"]

1. d4 d5 2. Bf4 Nc6 3. e4 Nf6 4. exd5 Nxd5 5. Bg3 Bf5 6. c3 e6 7. Nd2 Be7 8.
Bc4 O-O 9. Ngf3 Re8 10. Ne5 Bd6 11. O-O Qg5 12. f4 Qe7 13. Ndf3 f6 14. Bxd5
exd5 15. Nxc6 bxc6 16. Re1 Qd7 17. Qd2 c5 18. dxc5 Bxc5+ 19. Kh1 Re7 20. Rxe7
Qxe7 21. Re1 Qd7 22. Nh4 Rb8 23. Nxf5 Qxf5 24. Re2 Qb1+ 25. Re1 Qxa2 26. Re2
Qb1+ 27. Re1 Qa2 28. Re2 Qa1+ 29. Re1 Rxb2 30. Qxd5+ Kh8 31. Qd8+ Bf8 32. Qxf8#
1-0

[Event "Junior Online 4NCL Division 3"]
[Site "online"]
[Date "2020.05.21"]
[Round "6.46"]
[White "Gurjar, Siena"]
[Black "Cowan, James"]
[Result "0-1"]
[WhiteElo "1397"]
[BlackElo "1390"]
[PlyCount "136"]
[EventDate "2020.05.21"]
[WhiteTeam "Harrow Juniors B"]
[BlackTeam "St Albans Early Knights 2"]

1. e4 c5 2. Nf3 d6 3. d4 cxd4 4. Nxd4 Nf6 5. Nc3 g6 6. f4 Bg7 7. e5 dxe5 8.
fxe5 Nfd7 9. e6 Bxd4 10. Qxd4 Nf6 11. Bb5+ Nc6 12. Bxc6+ bxc6 13. Qxd8+ Kxd8
14. exf7 Rf8 15. Bh6 Rxf7 16. O-O-O+ Kc7 17. Bf4+ Kb7 18. Rd4 Nd5 19. Nxd5 cxd5
20. Rb4+ Kc6 21. Rd1 a5 22. Rbd4 Ba6 23. Bg3 e6 24. Ra4 Bb5 25. Rad4 Bf1 26.
R4d2 Raf8 27. c4 Bxc4 28. Rc2 Rf1 29. Rxf1 Rxf1+ 30. Kd2 Rg1 31. Ke3 Kd7 32. b3
Bb5 33. Rc7+ Ke8 34. Kf2 Rf1+ 35. Ke3 Ba6 36. Kd4 Rg1 37. Ke5 Rxg2 38. Kxe6
Re2+ 39. Be5 Rxa2 40. Rxh7 Bc8+ 41. Kd6 Rf2 42. Re7+ Kf8 43. Bg7+ Kg8 44. Bh6
Rf7 45. Re8+ Kh7 46. Rxc8 Kxh6 47. Ke6 Rf5 48. Rh8+ Kg5 49. Rh7 Kf4 50. Rh4+
Ke3 51. Rh3+ Kd4 52. Rh4+ Kc5 53. Rh6 Rh5 54. Rxg6 Rxh2 55. Rg5 Rd2 56. Rf5 Kb4
57. Rxd5 Rxd5 58. Kxd5 Kxb3 59. Kc5 a4 60. Kb5 a3 61. Ka6 a2 62. Ka7 a1=Q+ 63.
Kb8 Qg7 64. Ka8 Qd7 65. Kb8 Ka4 66. Ka8 Kb5 67. Kb8 Ka6 68. Ka8 Qa7# 0-1